Statystyki dla Przedmioty szkolne w podstawówce

Kliknij tutaj aby rozwiązać quiz!

Ogólne statystyki

  • Ten quiz został rozwiązany 4 159 razy
  • Średni wynik to 15 z 20

Statystyki odpowiedzi

LpPrzedmiot% Poprawnych
1Język Polski
99%
2Język Angielski
97%
13Matematyka
97%
16Wychowanie Fizyczne
96%
10Biologia
93%
11Chemia
93%
3Drugi język obcy
93%
12Fizyka
92%
9Geografia
89%
5Plastyka
88%
6Historia
87%
4Muzyka
84%
14Informatyka
77%
8Przyroda
77%
15Technika
76%
7Wiedza o społeczeństwie
75%
17Edukacja dla bezpieczeństwa
52%
18Zajęcia z wychowawcą
47%
20Doradztwo zawodowe
16%
19Edukacja wczesnoszkolna
15%

Rozkład punktacji

Percentyl według liczby udzielonych odpowiedzi

Procent ludzi z każdym wynikiem

Twoja historia wyników

Nie rozwiązałeś tego quizu